|
|
|
|
| LEADER |
00941nab a2200229 i 4500 |
| 001 |
misc61150 |
| 005 |
20220922084146.0 |
| 008 |
220805s1917 hu o 0|| ger d |
| 040 |
|
|
|a SZTE Miscellanea Repozitórium
|b hun
|
| 041 |
|
|
|a ger
|
| 245 |
0 |
4 |
|a Der Neue Orient
|h [elektronikus dokumentum] :
|b Halbmonatsschrift für das politische, wirtschaftliche und geistige Leben im gesamten Osten : Bd. 1. Nummer 2.
|
| 260 |
|
|
|a Verlag der Neue Orient
|b Berlin
|c 1917
|
| 300 |
|
|
|a p. 58-112.
|
| 490 |
0 |
|
|a Der Neue Orient : Halbmonatsschrift für das politische, wirtschaftliche und geistige Leben im gesamten Osten
|
| 561 |
|
|
|a Németh Gyula hagyaték
|
| 591 |
|
|
|a NOV 4046
|
| 650 |
|
4 |
|a Társadalomtudományok
|
| 650 |
|
4 |
|a Politikatudomány
|
| 650 |
|
4 |
|a Bölcsészettudományok
|
| 650 |
|
4 |
|a Történettudomány és régészet
|
| 650 |
|
4 |
|a Nyelvek és irodalom
|
| 856 |
4 |
0 |
|u http://misc.bibl.u-szeged.hu/61150/1/4046_nov_n70.pdf
|z Dokumentum-elérés
|